<?xml version="1.0" encoding="UTF-8"?>
<collection xmlns="http://www.loc.gov/MARC21/slim">
<record>
  <controlfield tag="001">30608</controlfield>
  <controlfield tag="005">20220315104037.0</controlfield>
  <datafield tag="037" ind1=" " ind2=" ">
    <subfield code="a">NORMAS-2014-041</subfield>
  </datafield>
  <datafield tag="245" ind1=" " ind2=" ">
    <subfield code="a">Normativa reguladora de vacaciones, licencias y permisos del PDI </subfield>
  </datafield>
  <datafield tag="260" ind1=" " ind2=" ">
    <subfield code="a">Zaragoza</subfield>
    <subfield code="b">Consejo de Gobierno de la Universidad de Zaragoza</subfield>
    <subfield code="c">2006-02-02</subfield>
  </datafield>
  <datafield tag="500" ind1=" " ind2=" ">
    <subfield code="a">Modificación 1: BOUZ 07-07 12/07/2007 Modificación 2: BOUZ 1-13  20/02/2013</subfield>
  </datafield>
  <datafield tag="650" ind1=" " ind2=" ">
    <subfield code="a">PDI</subfield>
  </datafield>
  <datafield tag="650" ind1=" " ind2=" ">
    <subfield code="a">Vacaciones</subfield>
  </datafield>
  <datafield tag="650" ind1=" " ind2=" ">
    <subfield code="a">Licencias</subfield>
  </datafield>
  <datafield tag="650" ind1=" " ind2=" ">
    <subfield code="a">Permisos</subfield>
  </datafield>
  <datafield tag="653" ind1="1" ind2=" ">
    <subfield code="a">Vacaciones y permisos del PDI</subfield>
  </datafield>
  <datafield tag="700" ind1=" " ind2=" ">
    <subfield code="a">Consejo de Gobierno de la Universidad de Zaragoza</subfield>
  </datafield>
  <datafield tag="856" ind1="0" ind2=" ">
    <subfield code="f">secregen@unizar.es</subfield>
  </datafield>
  <datafield tag="856" ind1="4" ind2=" ">
    <subfield code="s">11629</subfield>
    <subfield code="u">http://zaguan.unizar.es/record/30608/files/norma_pdiVacaciones_2006_modif.pdf</subfield>
    <subfield code="y">Modificación 04/07/2007</subfield>
    <subfield code="z">2</subfield>
  </datafield>
  <datafield tag="856" ind1="4" ind2=" ">
    <subfield code="s">146829</subfield>
    <subfield code="u">http://zaguan.unizar.es/record/30608/files/norma_pdiVacaciones_2006_texto_integrado.pdf</subfield>
    <subfield code="y">Texto integrado</subfield>
    <subfield code="z">998</subfield>
  </datafield>
  <datafield tag="856" ind1="4" ind2=" ">
    <subfield code="s">25740</subfield>
    <subfield code="u">http://zaguan.unizar.es/record/30608/files/norma_pdiVacaciones_2006_original.pdf</subfield>
    <subfield code="y">Normativa</subfield>
    <subfield code="z">1</subfield>
  </datafield>
  <datafield tag="856" ind1="4" ind2=" ">
    <subfield code="s">307745</subfield>
    <subfield code="u">http://zaguan.unizar.es/record/30608/files/norma_PdiVacacionesLicenciasPermisos_2013_original.pdf</subfield>
    <subfield code="y">Modificación 30/01/2013</subfield>
    <subfield code="z">999</subfield>
  </datafield>
  <datafield tag="920" ind1=" " ind2=" ">
    <subfield code="a">BOUZ 02-06 13/02/2006</subfield>
  </datafield>
  <datafield tag="980" ind1=" " ind2=" ">
    <subfield code="a">NORMAS</subfield>
  </datafield>
</record>
</collection>